| 000 | 00867nam a2200217Ia 4500 | ||
|---|---|---|---|
| 003 | GCL | ||
| 008 | 140319s9999 xx 000 0 ara d | ||
| 020 | _a5030212977 | ||
| 040 |
_aGCL / _cGCL |
||
| 082 | 0 | 4 |
_a709.1 _bم ف |
| 100 | 1 | _aلطفى عبدالبديع | |
| 245 | 1 | 0 |
_aالفن الاسلامى فى اسبانيا : _b( من الفتح الاسلامى للاندلس حتى نهاية عصر المرابطين ) وفنون المستعمرين / _cلطفى عبدالبديع |
| 700 | 1 | _aالسيد عبدالعزيز سالم | |
| 700 | 1 | _aمورينو ، مانويل جوميث | |
| 260 |
_aالقاهرة : _bمؤسسة شباب الجامعة ، _c1995 |
||
| 300 |
_a500 ص ؛ _c24 سم |
||
| 650 | 0 | 4 | _aاسبانيا |
| 650 | 0 | 4 | _aالفنون الاسلامية |
| 650 | 0 | 4 | _aاسبانيا - الفن الاسلامى |
| 942 |
_2ddc _cBK |
||
| 999 |
_c41347 _d41347 |
||